Visualizzazione normale
Vista MARC
- Rufinus Tyrannius
di Personal Name
Records bibliografici associati: 1
001 - CONTROL NUMBER
- control field: 35673
003 - CONTROL NUMBER IDENTIFIER
- control field: IT-RoPau
005 - DATE AND TIME OF LATEST TRANSACTION
- control field: 20150729223920.0
008 - FIXED-LENGTH DATA ELEMENTS
- fixed length control field: 150729|| aca||aabn | a|a d
040 ## - CATALOGING SOURCE
- Original cataloging agency: IT-RoPau
- Transcribing agency: IT-RoPau
100 ## - HEADING--PERSONAL NAME
- Personal name: Rufinus Tyrannius
670 ## - SOURCE DATA FOUND
- Source citation: Work cat.: (IT-RoPau)28044: Lorenzo Dattrino 35672, Storia della Chiesa. Intr. trad. e note di Dattrino Lorenzo